Nome completo dos países da América do Norte - Statistics

Estatísticas Gerais
  • Esse quiz foi jogado 23 vezes
  • A pontuação média é 7 de 8
Estatísticas das Respostas
País Nome completo % Correto
México Estados
100%
EUA Estados
100%
México Unidos
86%
EUA Unidos
86%
EUA América
82%
EUA Da
82%
Canadá Canadá
77%
México Mexicanos
64%
Nenhum quiz correspondente encontrado
Distribuição das Pontuações
Porcentagem de Pessoas com Cada Pontuação
Percentil de Números Respondidos
Sua Pontuação Histórica
Você não jogou esse quiz